Journal of the Right Hon. Sir Joseph Banks, Bart., K.B., P.R.S., during Captain Cook's first voyage in H.M.S. Endeavour in 1768-71 to Terra del Fuego, Otahite, New Zeland, Australia, the Dutch East Indies, etc. Edited by Sir Joseph D. Hooker. With portraits and charts
Đã lưu trong:
| Tác giả chính: | |
|---|---|
| Định dạng: | Sách |
| Ngôn ngữ: | Tiếng Anh |
| Được phát hành: |
Londres
Mac Millan and Co
1896
|
| Phiên bản: | 1a. ed |
| Những chủ đề: | |
| Các nhãn: |
Thêm thẻ
Không có thẻ, Là người đầu tiên thẻ bản ghi này!
|
MARC
| LEADER | 00000nam a2200000 a 4500 | ||
|---|---|---|---|
| 001 | UCJ5365 | ||
| 003 | CL-VaPUC | ||
| 008 | 070124e18960000UK |||||||||||||||||eng|d | ||
| 082 | 0 | 4 | |a 910.4 |b BAN |2 21 |
| 100 | 0 | |a Banks, Joseph |e author |9 510474 | |
| 245 | 1 | 0 | |a Journal of the Right Hon. Sir Joseph Banks, Bart., K.B., P.R.S., during Captain Cook's first voyage in H.M.S. Endeavour in 1768-71 to Terra del Fuego, Otahite, New Zeland, Australia, the Dutch East Indies, etc. Edited by Sir Joseph D. Hooker. With portraits and charts |
| 250 | |a 1a. ed | ||
| 300 | |a li, 466 p | ||
| 942 | |c BK | ||
| 945 | |d 20070124 00:00:00 |a rinostro | ||
| 260 | |a Londres |b Mac Millan and Co |c 1896 | ||
| 500 | |a Front., retrato del autor | ||
| 600 | 0 | 7 | |a HOOKER, JOSEPH |2 CL-VaPUC |9 510475 |
| 600 | 0 | 7 | |a COOK, JAMES |2 CL-VaPUC |9 510476 |
| 650 | 0 | |a Viajes |9 257115 | |
| 650 | 7 | |a DIARIO |2 CL-VaPUC |9 441581 | |
| 650 | 0 | |a Etnografía |9 309735 | |
| 650 | 0 | |a Geografía |9 259346 | |
| 650 | 7 | |a FLORA |2 CL-VaPUC |9 264745 | |
| 650 | 7 | |a FAUNA |2 CL-VaPUC |9 349523 | |
| 650 | 0 | |a Población |9 257577 | |
| 650 | 0 | |a Cultura |9 269059 | |
| 650 | 0 | |a Iconografía |9 267998 | |
| 650 | 0 | |a Mapas |9 260844 | |
| 651 | 7 | |a CHILE |2 CL-VaPUC |9 510477 | |
| 651 | 0 | |a Tierra del Fuego |9 345728 | |
| 651 | 0 | |a Patagonia |9 269580 | |
| 651 | 0 | |a Australia |9 262077 | |
| 651 | 7 | |a INDIAS HOLANDESAS |2 CL-VaPUC |9 505705 | |
| 583 | |a last modification |c 20070124 00:00:00 |k Rodrigo Vera | ||
| 999 | |c 321474 |d 321472 | ||
| 952 | |0 0 |1 0 |4 0 |6 910_400000000000000_BAN_1896 |7 0 |8 X |9 400233 |a FDOBUD |b FDOBUD |d 2019-11-22 |i 1033751 |o 910.4 BAN 1896 |p 1033751 |r 2019-11-22 |w 2019-11-22 |y BK_X |k BUD | ||